Medagliere Sollevamento pesi ai Giochi Olimpici - Statistics

Statistiche generali
  • Questo quiz è stato fatto 21 volte
  • Il punteggio medio è 11 su 16
Statistiche sulle risposte
Medaglie complessive Medaglie d'Oro Medaglie d'Argento Medaglie di Bronzo Rappresentativa olimpica % Corretto
15 9 3 3 Francia
95%
20 6 7 7 Germania
95%
46 16 17 13 Stati Uniti
95%
17 5 5 7 Italia
89%
62 38 16 8 Cina
84%
18 4 7 7 Russia
84%
15 3 6 6 Corea del Sud
79%
15 2 3 10 Giappone
79%
62 39 21 2 Unione Sovietica
79%
34 6 6 22 Polonia
63%
20 2 9 9 Ungheria
58%
37 12 17 8 Bulgaria
53%
18 5 8 5 Corea del Nord
53%
20 9 6 5 Iran
47%
15 6 5 4 Grecia
37%
15 0 7 8 Indonesia
11%
Nessun quiz corrispondente trovato
Distribuzione punteggi
Percentuale di utenti per punteggio
Percentile per numero di risposta
I tuoi punteggi nel tempo
Non hai fatto questo quiz